000 00419nam a2200145Ia 4500
008 230917s9999||||xx |||||||||||||| ||und||
040 _e165232
_aMAIN
041 _aEnglish
082 _a891.431741 AK81T
100 _aकुसुम कुमार
245 0 _aतृष्णांकित
260 _aदिल्ली
_bसरस्वती विहार
_c1980
300 _a90पृ. p.
942 _cHN
999 _c213414
_d213414